Vocabulary LAB 7 - Statistics

General Stats
  • This quiz has been taken 11 times
  • The average score is 10 of 14
Answer Stats
Hint Answer % Correct
coast costa
100%
beach playa
100%
river rio
100%
forest bosque
86%
island isla
86%
lake lago
86%
mountain montaña
71%
desert desierto
57%
sand dune duna
57%
ocean oceano
57%
volcano volcan
57%
waterfall cascada
43%
valley valle
43%
hill colina
29%
No matching quizzes found
Score Distribution
Percent of People with Each Score
Percentile by Number Answered
Your Score History
You have not taken this quiz